5HLuxD.jpg

KING HENRY VIII SENIOR AND PRIMARY SCHOOL LIBRARY OPAC

Monster lakes / (Record no. 2058)

000 -LEADER
fixed length control field 01031pam a2200349 a 4500
001 - CONTROL NUMBER
control field 014909474
003 - CONTROL NUMBER IDENTIFIER
control field Uk
005 - DATE AND TIME OF LATEST TRANSACTION
control field 20230303104240.0
008 - FIXED-LENGTH DATA ELEMENTS--GENERAL INFORMATION
fixed length control field 090216r20092005enka j 001 0 eng d
015 ## - NATIONAL BIBLIOGRAPHY NUMBER
National bibliography number GBA917787
Source bnb
016 7# - NATIONAL BIBLIOGRAPHIC AGENCY CONTROL NUMBER
Record control number 014909474
Source Uk
020 ## - INTERNATIONAL STANDARD BOOK NUMBER
International Standard Book Number 9781407109862 (pbk.) :
035 ## - SYSTEM CONTROL NUMBER
System control number (UkOxU)UkOxUb16983270
040 ## - CATALOGING SOURCE
Original cataloging agency StDuBDS
Language of cataloging eng
Transcribing agency StDuBDS
Modifying agency UkOxU
-- Uk
-- KH8
042 ## - AUTHENTICATION CODE
Authentication code ukscp
082 04 - DEWEY DECIMAL CLASSIFICATION NUMBER
Classification number 551.482 GAN
Edition number 22
100 1# - MAIN ENTRY--PERSONAL NAME
Personal name Ganeri, Anita,
Dates associated with a name 1961-
Relator term author
245 10 - TITLE STATEMENT
Title Monster lakes /
Statement of responsibility, etc. Anita Ganeri ; illustrated by Mike Phillips.
260 ## - PUBLICATION, DISTRIBUTION, ETC.
Place of publication, distribution, etc. London :
Name of publisher, distributor, etc. Scholastic,
Date of publication, distribution, etc. 2009.
300 ## - PHYSICAL DESCRIPTION
Extent 128 p. :
Other physical details ill. ;
Dimensions 20 cm.
336 ## - CONTENT TYPE
Content type term text
Source rdacontent
337 ## - MEDIA TYPE
Media type term unmediated
Source rdamedia
338 ## - CARRIER TYPE
Carrier type term volume
Source rdacarrier
490 1# - SERIES STATEMENT
Series statement Horrible geography
500 ## - GENERAL NOTE
General note First published: 2005.
500 ## - GENERAL NOTE
General note Includes index.
500 ## - GENERAL NOTE
General note Formerly CIP.
Institution to which field applies Uk
650 #0 - SUBJECT ADDED ENTRY--TOPICAL TERM
Topical term or geographic name entry element Lakes
Form subdivision Juvenile literature.
700 1# - ADDED ENTRY--PERSONAL NAME
Personal name Phillips, Mike,
Dates associated with a name 1961-
Relator term illustrator
830 #0 - SERIES ADDED ENTRY--UNIFORM TITLE
Uniform title Horrible geography.
942 ## - ADDED ENTRY ELEMENTS (KOHA)
Source of classification or shelving scheme
Koha item type Books - Non Ficton
Holdings
Withdrawn status Lost status Source of classification or shelving scheme Damaged status Not for loan Collection code Permanent Location Current Location Shelving location Date acquired Total Checkouts Full call number Barcode Date last seen Date last checked out Price effective from Koha item type Public note
          Non-Fiction KH8 Primary School Library KH8 Primary School Library Non Fiction 2023-03-03 14 551.482 GAN KHPL000003784 2025-12-05 2025-05-16 2023-03-03 Books - Non Ficton  
          Non-Fiction KH8 Primary School Library KH8 Primary School Library Non Fiction 2023-03-03   551.482 GAN KHPL000004707 2025-12-05   2023-03-03 Books - Non Ficton  
          Non-Fiction KH8 Primary School Library KH8 Primary School Library Non Fiction 2023-03-03 2 551.482 GAN KHPL000006347 2026-02-23 2026-02-09 2023-03-03 Books - Non Ficton KH8 PRIMARY LIBRARY

Powered By KH8 IT Dept